Strýčko Sam a teta Čína
Predstava amerických politikov a ekonómov o vzniku panamerického voľného trhu. Vedúce postavenie Brazílie a Argentíny medzi krajinami Južnej Ameriky. Juhoamerické krajiny a otváranie sa svetu. Čínska návšteva Južnej Ameriky a perspektívna spolupráca.
Salvato in:
| Autore principale: | |
|---|---|
| Natura: | Capitolo di libro |
| Lingua: | slovacco |
| Soggetti: | |
| Tags: |
Nessun Tag, puoi essere il primo ad aggiungerne!!
|
MARC
| LEADER | 00000naa$a2200000$$$4500 | ||
|---|---|---|---|
| 001 | 0024289 | ||
| 005 | 20231009070233.9 | ||
| 041 | 0 | |a slo | |
| 044 | |a SK | ||
| 245 | 1 | 0 | |a Strýčko Sam a teta Čína |c Adrian Peter Pressburg |
| 520 | |a Predstava amerických politikov a ekonómov o vzniku panamerického voľného trhu. Vedúce postavenie Brazílie a Argentíny medzi krajinami Južnej Ameriky. Juhoamerické krajiny a otváranie sa svetu. Čínska návšteva Južnej Ameriky a perspektívna spolupráca. | ||
| 610 | 2 | 0 | |a politika medzinárodná |
| 610 | 2 | 0 | |a vzťahy hospodárske medzinárodné |
| 610 | 2 | 0 | |a spolupráca medzinárodná |
| 610 | 2 | 0 | |a trh svetový |
| 610 | 2 | 0 | |a investície |
| 610 | 2 | 0 | |a dovoz |
| 610 | 2 | 0 | |a vývoz |
| 610 | 2 | 0 | |a Južná Amerika |
| 610 | 2 | 0 | |a USA |
| 610 | 2 | 0 | |a Čína |
| 100 | 1 | |a Pressburg, Adrian Peter | |